00751nam a22001937a 4500003001100000005001700011008004100028040003900069041000800108082001600116100002000132245014800152260010800300300002500408650002600433650003200459650001800491650004800509LK-CoMWRAF20231226193737.0231226b1996 |||||||| |||| 00| 0 eng d aLK-CoMWRAFdLK-CoMWRAFeLK-CoMWRAF aeng a305.23bMAC aMachel, Graça aImpact of armed conflict on children : breport of Graça Machel, expert of the Secretary -General of the United Nations : selected highlights aNew York:bUnited Nations Dept. of Public Information, UNICEF, bUnited Nations Children's Fund, c1996 a55 p. : ill. ; 22 cm aChildren and violence aRefugees -Child development aChild welfare aRights of the child - Psychological aspects